2023 F1 Grid - Statistics

General Stats
  • This quiz has been taken 79 times
  • The average score is 21 of 21
Answer Stats
Team Nationality Answer % Correct
Ferrari Spanish Carlos Sainz
100%
Ferrari Monégasque Charles Leclerc
100%
AlphaTauri Australian Daniel Ricciardo
100%
Mercedes British George Russell
100%
McLaren British Lando Norris
100%
Mercedes British Lewis Hamilton
100%
Red Bull Mexican Sergio Perez
100%
Alfa Romeo Finnish Valtteri Bottas
100%
AlphaTauri Japanese Yuki Tsunoda
100%
Williams Thai Alexander Albon
99%
Alpine French Esteban Ocon
99%
Aston Martin Spanish Fernando Alonso
99%
Williams American Logan Sargeant
99%
Red Bull Dutch Max Verstappen
99%
McLaren Australian Oscar Piastri
99%
Alpine French Pierre Gasly
99%
Alfa Romeo Chinese Zhou Guanyu
99%
Aston Martin Canadian Lance Stroll
97%
Haas German Nico Hulkenberg
97%
Haas Danish Kevin Magnussen
94%
AlphaTauri Dutch Nyck de Vries
88%
No matching quizzes found
Score Distribution
Percent of People with Each Score
Percentile by Number Answered
Your Score History
You have not taken this quiz